000 01931mam a22004334a 4500
001 2546090
003 OSt
005 20210920163609.0
008 991014s2000 njua b 001 0 eng
010 _a 99053236
015 _aGBA0-24544
020 _a9788120342132
035 _a(OCoLC)ocm42720023
035 _a(NNC)2546090
038 _akhadija
040 _aDLC
_cDLC
_dC#P
_dUKM
_dOrLoB-B
042 _apcc
050 0 0 _aTA340
_b.M5 2011
082 0 0 _a519.2
_221
_bJOH
100 1 _aMiller, Irwin, & Richard A. Johnson
_d1928-
_982544
240 1 0 _aProbability and statistics for engineers
245 1 0 _a Probability and statistics for engineers /
_cRichard A. Johnson.
246 3 _aMiller and Freund's probability and statistics for engineers
250 _a8th ed.
260 _aUpper Saddle River, NJ :
_bPrentice Hall,
_cc2011.
300 _axii, 622 p. :
_bill. ;
_c24 cm. +
500 _aDisk contains data for use with the exercises in the text.
504 _aIncludes bibliographical references (p. [562]-563) and index.
505 0 0 _g1.
_tIntroduction --
_g2.
_tTreatment of Data --
_g3.
_tProbability --
_g4.
_tProbability Distributions --
_g5.
_tProbability Densities --
_g6.
_tSampling Distribution --
_g7.
_tInferences Concerning Means --
_g8.
_tInferences Concerning Variances --
_g9.
_tInferences Concerning Proportions --
_g10.
_tNonparametric Tests --
_g11.
_tCurve Fitting --
_g12.
_tAnalysis of Variance --
_g13.
_tFactorial Experimentation --
_g14.
_tThe Statistical Content of Quality-Improvement Programs --
_g15.
_tApplications to Reliability and Life Testing.
563 _ap.b
650 0 _aEngineering
_xStatistical methods.
_9129
650 0 _aProbabilities.
_979
650 4 _aProbabilities.
_979
650 4 _aEngineering
_xStatistical methods.
_9129
700 1 _aFreund, John E.
_934553
700 1 _aJohnson, Richard A.
_q(Richard Arnold),
_d1937-
_926729
900 _bTOC
942 _2ddc
_cBK
999 _c33127
_d33127